[Event "Catalunya Ann 75th"]
[Site "Barcelona"]
[Date "2004.12.01"]
[Round "3"]
[White "Kortschnoj, Viktor Lvovich"]
[Black "Moskalenko, Viktor"]
[Result "1-0"]
[WhiteElo "2601"]
[BlackElo "2551"]
[Annotator "Kortschnoj,V"]
[PlyCount "67"]
[EventDate "2004.11.29"]
[EventType "tourn"]
[EventRounds "5"]
[EventCountry "ESP"]
[EventCategory "12"]
[SourceTitle "CBM 105"]
[Source "ChessBase"]
[SourceDate "2005.04.11"]
[SourceVersion "1"]
[SourceVersionDate "2005.04.11"]
[SourceQuality "1"]

1. d4 {Ribli} e6 2. c4 Nf6 3. g3 d5 4. Bg2 dxc4 5. Nf3 c6 {Ribli: 'Dieser Zug
wurde seinerzeit von Paul Keres gespielt. Schwarz möchte im weiteren Verlauf
den Bauern c4 mit b7-b5 verteidigen und schließt die Diagonale des weißen
Läufers auf g2.'} 6. Ne5 b5 {Ribli: 'Diese Fortsetzung ist wirklich ein
seltener Gast in der Großmeisterpraxis - die Alternative 6...Bb4+ 7.Bd2 Qxd4 8.
Bxb4 Qxe5 9.Na3 führt zu kompliziertem Spiel, wonach Schwarz über bessere
Ausgleichschancen verfügt, als im Falle des Partiezuges.'} 7. Nxc6 {Strictly
speaking, this move contradicts to the spirit of the Catalan system, as we
understand it today. Instead white has to strengthen his pressure on the queen
side of black by 7.a4!} (7. a4 {Ribli} Nd5 8. O-O Bb7 9. b3 $36) 7... Qb6 {
I think, I have seen this position about 20 years ago in a blitzgame of Ulf
Andersson. White took on b8 - a long journey to exchange his piece for the not
yet developed knight. And Andersson, playing black easily took over the
initiative. That time I have come to the conclusion - white has no other
logical move here, but...} 8. Na5 $1 {I do not work much with a computer.
Afterwords the machine acknowledged it as a novelty and approved it.  Ribli:
'Mit diesem Zug paralysiert Weiß den schwarzen Damenflügel, da Schwarz nicht
Bb7 ziehen kann.'} Nd5 {This move does not pretend to refute the outrageous
jump of the knight.} ({The critical line is:} 8... Qxa5+ 9. Bd2 c3 10. Bxc3 ({
or} 10. bxc3 Nd5 11. c4 b4 12. cxd5 Bb7 13. Qc2 Bxd5 14. e4 Bb7 15. O-O Be7 16.
Rc1 $14) 10... b4 11. Bxa8 bxc3 12. bxc3 Qa6 13. Qb3 Nc6 14. a4 $14) 9. Bd2 Nc6
{The most solid move. Various attempts of black to gain material do not work:}
(9... Qxd4 $6 10. Nc3 {Ribli: 'Weiß hat seine Figuren ausgezeichnet entwickelt
und greift den Bauern auf b5 an.'} Qc5 11. b4 $1 Qd6 12. Nxb5 Qd7 13. Qa4 $16)
(9... b4 $6 10. Nxc4 Qxd4 11. Qc2 Ba6 12. Ne3 Bc5 13. O-O Bxe2 14. Nxd5 Bxf1
15. Be3 Qc4 (15... Qd3 16. Qa4+ Nd7 17. Nc7+ Ke7 18. Bxf1 $18) 16. Qa4+ Nd7 17.
Nd2 $18) 10. Nxc6 Qxc6 11. e4 $1 {If black will manage to evacuate his king
from the centre the position may become unclear - so white has to act
energetically.} Nb4 {The best - the knight on d3 will pose certain problems to
white.} 12. O-O {Ribli: 'Weiß hat zwar einen Bauern weniger, aber verfügt über
ein starkes Zentrum und sein Bg2 ist potenziell sehr stark.'} Bb7 (12... Nd3 $4
13. e5 $18) 13. a4 Nd3 (13... a6 14. axb5 axb5 15. d5 (15. Rxa8+ {Ribli} Bxa8
16. b3 Nd3 17. bxc4 bxc4 18. Bc3 $44 {[%cal Gd4d5]}) 15... Qb6 16. Rxa8+ Bxa8
17. dxe6 fxe6 (17... Qxe6 18. Nc3 $16) 18. Be3 Qc6 19. Qh5+ g6 20. Qe5 $16) 14.
d5 $2 {Beginning of a wrong maneouvre.} (14. axb5 Qxb5 15. Ra5 $1 {(Moskalenko)
} Qb3 16. Bc3 a6 17. Nd2 $16) 14... Qb6 15. Be3 Bc5 16. a5 Qa6 $4 {Ribli:
'Schwarz möchte die Möglichkeit 17.a6 verhindern, aber dieser Damenzug gefällt
mir nicht, da die Dame sehr passiv auf a6 steht.'} (16... Qc7 17. a6 (17. dxe6
{Ribli} fxe6 18. a6 Bc8 (18... Bc6 19. Bxc5 Nxc5 20. Qh5+ {[%cal Rh5c5,Rh5e8]})
19. e5 Rb8 20. Qh5+ g6 (20... Qf7 21. Bc6+ Kf8 22. Qh4 $44) 21. Qe2 Qxe5 $17)
17... Bc8 18. d6 (18. Bxc5 {Ribli} Qxc5 19. b3 $44) 18... Bxd6 $2 (18... Qb6
$17) 19. e5 $18) 17. Bxc5 Nxc5 18. Qd4 $16 {Ribli: 'Die weiße Dame kommt stark
ins Spiel: Nc5 und Pg7 werden gleichzeitig angegriffen.'} Nb3 19. Qxg7 O-O-O
20. Ra3 {Black moved the king to the queen side, where he is still not
properly secured. The black knight on b3 is annoying, but white is ready to
sacrifice an exchange in order to get rid of it.} exd5 $6 {The best practical
chance was to play b5-b4, forcing an immediate R:b3.} 21. exd5 Rhe8 (21... b4
$2 22. Rxb3 cxb3 23. Qg4+ Kb8 24. Qxb4 $18) 22. Qxf7 Qg6 (22... b4 $2 23. Ra4
Qb5 24. d6 $18) 23. Qf4 Qd6 (23... Bxd5 24. Rxb3 cxb3 (24... Bxg2 25. Kxg2 Rf8
$2 (25... cxb3 26. Rc1+ Kb7 27. Rc7+ Ka6 28. Nc3 $16) 26. Qc1 $18) 25. Rc1+ Kb7
26. Qc7+ Ka8 27. Rd1 $18) 24. a6 $1 Ba8 25. Qf5+ Kb8 26. Nc3 $1 $18 Nd4 (26...
b4 27. Nb5 Qe5 (27... Nd4 28. Nxd4 bxa3 29. bxa3 Bxd5 30. Rb1+ Ka8 31. Nb5 $18)
28. Qxe5+ Rxe5 29. Ra4 $18) 27. Qg4 Qe5 28. Nxb5 $1 Ne2+ (28... Nxb5 29. Qxc4
Nxa3 (29... Rxd5 30. Re3 $18) 30. Qb4+ Kc8 31. Rc1+ Kd7 32. Bh3+ $18) 29. Kh1
Bxd5 30. Nc3 Bxg2+ 31. Kxg2 Nd4 32. Raa1 h5 (32... Qc5 33. Rae1 Qc6+ 34. Re4
$18) 33. Qg6 Qc5 34. Rae1 1-0

[Event "Liechtenstein op"]
[Site "Schellenberg"]
[Date "1989.05.02"]
[Round "5"]
[White "Kozul, Zdenko"]
[Black "Davidovic, Aleksandar"]
[Result "0-1"]
[WhiteElo "2490"]
[BlackElo "2425"]
[Annotator "Kozul,Z"]
[PlyCount "74"]
[EventDate "1989.04.28"]
[EventType "swiss"]
[EventRounds "9"]
[EventCountry "LIE"]
[SourceTitle "EXT 2003"]
[Source "ChessBase"]
[SourceDate "2002.11.25"]
[SourceVersion "1"]
[SourceVersionDate "2002.11.25"]
[SourceQuality "1"]

1. d4 Nf6 2. Nf3 e6 3. c4 d5 4. g3 dxc4 5. Bg2 a6 6. O-O Nc6 (6... b5 {RR} 7.
Ne5 Nd5 8. a4 Bb7 9. b3 cxb3 10. axb5 axb5 11. Rxa8 Bxa8 12. Qxb3 c6 13. Nc3 $5
$146 (13. e4 {- 38/(627)}) 13... Be7 14. Nxd5 exd5 15. Qa2 Bb7 16. Qa7 Qc7 17.
Bf4 Bd6 18. Rc1 Qe7 19. Ra1 $16 {Romanishin,O 2555-Marjanovic,S 2490, Erevan
1989}) 7. Na3 Bxa3 8. bxa3 Rb8 9. Bb2 b5 10. Qc2 O-O 11. Rad1 $146 (11. e4 {
- 39/(587)}) 11... Ne7 12. e4 Rb6 $1 13. Nh4 Bb7 14. Rfe1 (14. Bc3 Qa8 $1 15.
Ba5 Bxe4 16. Bxe4 Qxe4 17. Qxe4 Nxe4 18. Bxb6 cxb6 $17) 14... Qa8 15. Qe2 $1 {
} Ng6 16. Nxg6 hxg6 17. g4 a5 $1 $132 18. g5 Nh5 $8 19. Bc1 c3 20. Bf3 b4 21.
Bxh5 gxh5 22. Bf4 $1 (22. d5 exd5 $1 23. Qxh5 dxe4 24. Re3 Rd8 $1 25. Rxd8+ (
25. Rde1 Rd3 $1 $19) 25... Qxd8 26. Rh3 Kf8 $19) 22... b3 $1 (22... bxa3 23.
Rc1 $1 Rb2 24. Qf3 c2 $8 (24... Rxa2 25. Rxc3 { h5+-}) 25. Qxa3 Rb1 26. f3 $16
) 23. axb3 Rxb3 24. Be5 $1 h4 $2 (24... a4 $1 25. Rc1 $13 (25. d5 c2)) 25. Rc1
h3 (25... a4 26. Qg4 h3 27. f3 $1 $16) 26. a4 $5 (26. Qg4 $1) 26... Bc6 27. Qf3
$2 (27. d5 exd5 28. Qh5 d4 $8 29. Bxg7 Kxg7 30. Qh6+ Kg8 31. g6 fxg6 32. Qxg6+
$11) (27. Qg4 $1 Qb7 28. Qh4 c2 29. d5 $1 exd5 30. Bxg7 $1 Kxg7 31. Qh6+ Kg8
32. g6 fxg6 33. Qxg6+ Kh8 34. Kh1 $1 $18) 27... Qb7 28. Qg4 $6 (28. d5 exd5 29.
Qh5 d4 $8 30. Bxg7 $11) 28... c2 $1 {} 29. f3 $2 (29. Qh4 $8 $11 {}) 29...
Rb1 30. Qxh3 Rxc1 31. Rxc1 Qb3 $1 $19 32. Kf2 Bxe4 33. Bxg7 Kxg7 34. Qh6+ Kg8
35. fxe4 Qd3 36. g6 fxg6+ 37. Kg1 Qxd4+ 0-1

[Event "EU-ch 13th"]
[Site "Plovdiv"]
[Date "2012.03.21"]
[Round "2"]
[White "Nyzhnyk, Illya"]
[Black "Giri, Anish"]
[Result "1-0"]
[WhiteElo "2585"]
[BlackElo "2717"]
[Annotator "Krasenkow,M"]
[PlyCount "57"]
[EventDate "2012.03.20"]
[EventType "swiss"]
[EventRounds "11"]
[EventCountry "BUL"]
[SourceTitle "CBM 148"]
[Source "ChessBase"]
[SourceDate "2012.05.16"]
[SourceVersion "1"]
[SourceVersionDate "2012.05.16"]
[SourceQuality "1"]

1. d4 Nf6 2. c4 e6 3. Nf3 d5 4. Nc3 c6 5. g3 dxc4 6. Bg2 b5 7. Ne5 a6 8. a4 Bb7
9. O-O Be7 {A simple course in this system. Black gives up his extra pawn to
complete development.} (9... Nd5 {is the main move}) 10. axb5 (10. e4 O-O 11.
Be3 Nbd7 12. f4 b4 13. Ne2 c5 14. Nxd7 Qxd7 15. dxc5 Rac8 $17 {0-1 Cioara,A 
(2477)-Buhmann,R (2614)/Plovdiv BUL 2012/The Week in Chess 908 (41)}) (10. Bg5
O-O 11. axb5 axb5 12. Rxa8 Bxa8 13. Qa1 Nbd7 14. Qa7 Nxe5 15. dxe5 Nd5 16. Nxd5
Bxg5 17. Nb6 Qd4 18. Qa6 Qxb2 19. Nxa8 c3 20. Qxc6 b4 $44 {1-0 Nguyen,N (2644)
-Sandipan,C (2640)/Qinhuangdao 2011/CBM 144 Extra (73)}) 10... axb5 11. Rxa8
Bxa8 12. Nxb5 (12. Bf4 Nd5 13. Qa1 Bb7 14. Qa7 Qc8 15. Nxc4 Nxf4 16. Nb6 Nxe2+
17. Nxe2 Qc7 18. Na8 Qc8 19. Nb6 Qc7 20. Na8 Qc8 21. Nb6 {1/2 Vachier Lagrave,
M (2722)-Shirov,A (2714)/Biel 2011/CBM 144}) 12... cxb5 13. Bxa8 O-O 14. Bg2 (
14. Bf3 Nd5 15. h4 Qc7 16. Bd2 Bf6 17. e4 Bxe5 18. dxe5 Ne7 19. Bb4 Nbc6 20.
Bd6 Qb6 $15 {1/2 Topalov,V (2796)-Ivanchuk,V (2779)/Nice 2009/CBM 129 Extra 
(39)}) 14... Nd5 $146 {Following in Ivanchuk's footsteps.} (14... Nfd7 15. Nc6
Nxc6 16. Bxc6 b4 17. e4 Qc7 18. Qa4 Nb8 19. Bb5 c3 20. bxc3 bxc3 21. Be3 $14 {
[%csl Rc3] 1-0 Mikhalevski,V (2572)-Cobb,C (2405)/Caerleon 2005/CBM 107 ext 
(65)}) (14... Qb6 $5 15. e4 Nfd7 16. Ng4 $6 (16. Nxd7 Nxd7 $11) 16... Nc6 17.
Be3 Nb4 18. h4 Nd3 19. Qe2 h5 20. Nh2 e5 21. d5 Bc5 22. Bxc5 Qxc5 23. Qxh5 Nf6
24. Qg5 Qd4 25. Nf3 Qxe4 $17 {1/2 Kazhgaleyev,M (2607)-Buhmann,R (2546)/
Gonfreville 2006/CBM 111 ext (37)}) 15. f4 Bd6 (15... f6 $5 16. Ng4 Qd7) 16. e3
Bxe5 17. fxe5 Nc6 18. Qg4 $6 (18. Bd2 $5 $13 Qd7 $140 19. Qa1) 18... Qd7 19. h4
Ncb4 $1 20. h5 Nd3 (20... f5 $1 {gave Black an excellent position, e.g.} 21.
exf6 Nxf6 22. Qg5 h6 23. Qg6 Nd3 $17) 21. h6 f5 $6 {Too late. But after} (21...
g6 {the weakness of the dark squares in Black's camp guarantees White good
counterplay after, say,} 22. Bd2 Rc8 (22... Nxb2 $2 23. Bxd5 Qxd5 24. Bb4) 23.
Be4 Nxb2 24. Bxd5 Qxd5 25. Qg5 (25. Qf4 $143 f5 26. exf6 Kf7 27. Ra1 Qd7) 25...
Qd8 26. Qxd8+ Rxd8 27. Rb1 Nd3 28. Rxb5 Kf8 {with a probable draw.}) 22. exf6
Rxf6 $2 (22... Nxf6 $8 23. hxg7 Rf7 $1 24. Qg5 Ne8 $1 (24... Nd5 $143 25. e4)
25. Rxf7 Qxf7 {, and Black holds on. A possible line:} 26. Bd2 (26. Qxb5 Qf2+
27. Kh2 Nf6 $132) 26... Qf2+ (26... Nxb2 $2 27. Qxb5) 27. Kh2 Qxd2 28. Qd8 Qxe3
29. Qxe8+ Kxg7 30. Qe7+ $11) 23. Bxd5 Rxf1+ 24. Kxf1 Qf7+ 25. Bf3 Nxc1 26. d5
$1 {Black probably overlooked this move but the whole concept looked
suspicious from the beginning.} Nd3 (26... exd5 27. Kg2 {[%cal Rg4c8]} Kh8 (
27... Kf8 28. Qc8+ Ke7 29. Qc7+ Ke8 30. Qb8+ Ke7 31. Qe5+ Kf8 32. Qd6+ Ke8 33.
hxg7 Qxg7 34. Bh5+ $18) 28. Qc8+ Qg8 29. Qd7 gxh6 30. Bxd5 Qf8 31. Be6 {
[%cal Rd7d4]} Nb3 32. Qc7 {[%cal Rc7e5]} Qc5 33. Qf7 $18) (26... g6 27. dxe6 {
[%csl Ge6,Gh6] must be hopless for Black, too, e.g.} Qf6 28. Qe4 Kf8 29. Qc6
Nd3 30. Qc8+ Ke7 31. Qd7+ Kf8 32. Kg1 Qe7 (32... b4 33. Qxh7 Qxf3 34. Qg7+ Ke8
35. Qd7+ Kf8 36. Qd8#) 33. Be4 $1 Qxd7 (33... Ne5 34. Qc8+ Qe8 35. Qc5+) 34.
exd7 Ke7 35. Bxg6 Ne5 36. Bxh7 Nf7 37. Bf5 Nxh6 38. Be6 b4 39. Kf2 b3 40. Bxc4
$18) 27. dxe6 Qe7 28. Bd5 Kf8 $2 {A blunder in a lost position. Here are some
fine variations:} (28... Qf6+ 29. Kg1 Qf2+ 30. Kh1 Qf1+ 31. Kh2 Qf2+ 32. Bg2
Qf6 33. e7 $1 Qxe7 34. Bd5+ Kf8 35. Qc8+ Qe8 36. hxg7+ $18 {S.Zagrebelny}) (
28... Nb4 29. e4 Qf6+ 30. Qf4 $1 Kf8 31. e7+ $1 Kxe7 32. hxg7 Nxd5 (32... Qxg7
33. Qc7+ Kf6 34. Qd6+ Kg5 35. Qxb4) 33. g8=N+ $1 Kf7 34. Nh6+ Kg6 35. exd5 $18)
(28... g6 29. Qd4 Nb4 30. e4 $18) 29. Qxg7+ (29. Qxg7+ Ke8 (29... Qxg7 30.
hxg7+ Kxg7 31. e7) 30. Be4 Qxe6 31. Qh8+ Ke7 32. Qxh7+ Kd6 33. Bf5 $18) 1-0

[Event "EU-ch 20th"]
[Site "Skopje"]
[Date "2019.03.24"]
[Round "6"]
[White "Gelfand, Boris"]
[Black "Bartel, Mateusz"]
[Result "1-0"]
[WhiteElo "2655"]
[BlackElo "2600"]
[Annotator "Krasenkow,M"]
[PlyCount "85"]
[EventDate "2019.03.18"]
[EventType "swiss"]
[EventRounds "11"]
[EventCountry "MKD"]
[Tiebreak "Sum of Buchholz"]
[SourceTitle "CBM 189"]
[Source "ChessBase"]
[SourceDate "2019.04.29"]
[SourceVersion "1"]
[SourceVersionDate "2019.04.29"]
[SourceQuality "1"]

{[%evp 0,85,79,15,35,-30,-14,-6,-11,-44,-32,-26,3,3,38,-23,42,44,101,64,54,52,
32,-30,-24,-20,24,19,31,37,66,70,64,64,83,64,64,63,90,93,81,54,54,51,64,38,43,
42,52,49,55,19,30,23,30,0,0,14,-7,12,21,0,0,36,20,24,30,12,31,32,15,36,42,41,
69,20,44,72,88,74,217,226,353,353,352,350,350,365]} 1. d4 Nf6 2. c4 e6 3. Nf3
d5 4. g3 dxc4 5. Bg2 c6 6. Ne5 Bb4+ 7. Bd2 Be7 $5 {An interesting alternative
to the usual} (7... Qxd4) 8. e3 b5 9. b3 $5 $146 {[%mdl 8] A typical idea but
a novelty in this particular position. White goes for a real pawn sacrifice.} (
9. Nxc6 {wins an exchange but Black gets a good compensation due to the
weakness of light squares in White's camp:} Nxc6 10. Bxc6+ Bd7 11. Bxa8 Qxa8
12. f3 e5 13. O-O (13. dxe5 Ng4 14. O-O Nxe5 15. Bc3 Nd3 16. b3 O-O 17. bxc4
bxc4 18. Nd2 Bh3 19. Nxc4 Bxf1 20. Kxf1 Rd8 $44 {1/2 (27) Vidit,S (2711)
-Vitiugov,N (2726) Prague 2019}) 13... exd4 14. exd4 O-O 15. Re1 Nd5 16. Nc3
Bf6 17. Nxd5 Qxd5 18. Bb4 Rc8 $44 {1/2 (39) Michalik,P (2549)-Harikrishna,P 
(2738) Czech Republic 2018}) (9. a4 b4 10. Nxc4 (10. O-O Ba6 11. Re1 O-O 12.
Qc1 Re8 13. Rd1 Qc7 14. Nxc4 Nbd7 15. e4 e5 $11 {1/2 (46) Buhmann,R (2606)
-Harikrishna,P (2672) Germany 2011}) 10... O-O 11. O-O Ba6 12. b3 Nbd7 13. Bxc6
(13. a5 Rc8 14. e4 e5 $132 {1-0 (42) Ganguly,S (2633)-Sachdev,T (2414) Dubai
2012}) 13... Rc8 14. Bg2 (14. Bb5 Bb7 $44) 14... e5 $6 (14... Bxc4 15. bxc4
Rxc4 $11) 15. Re1 $6 (15. dxe5 Bxc4 $140 16. exf6 Bxf6 17. bxc4 Bxa1 18. Bxb4
Nc5 19. Na3 Bf6 20. Nb5 $16) 15... Bxc4 16. bxc4 Rxc4 $13 {1-0 (30) Rodshtein,
M (2609)-Negi,P (2615) Biel 2010}) 9... cxb3 10. axb3 Bb7 11. Ba5 Qc8 12. O-O
c5 $6 {Black was not forced to give the pawn back.} (12... Nbd7 $5) 13. Bxb7
Qxb7 14. dxc5 Nc6 (14... Bxc5 $4 15. Qd8#) 15. Nxc6 Qxc6 16. b4 $14 {White is
definitely on top due to his strong protected passed pawn although that
advantage is hard to convert.} h5 17. Nd2 h4 18. Qf3 Nd5 19. e4 Nf6 20. e5 {
Keeping tension was probably a more promising option:} (20. Rfe1) 20... Qxf3
21. Nxf3 Nd5 22. Rfd1 Rc8 23. Ra3 hxg3 24. hxg3 Rh5 25. Kg2 a6 26. Rd4 Kd7 27.
Rg4 g6 28. Re4 Kc6 29. Nd4+ Kb7 30. Rf3 Rh7 31. Ne2 Bd8 32. Bxd8 Rxd8 33. Rd4
a5 {Black is tired of passive defence} ({but it was safer to keep patience:} 
33... Rd7) 34. bxa5 Kc6 35. Nc3 Ra8 $6 (35... Rhh8 $1 36. Nxd5 Rxd5 37. Rxd5
Kxd5 38. Rxf7 Ra8 {was correct: Black stops White's a-pawn and his own b-pawn
guarantees him sufficient counterplay.}) 36. Nxd5 exd5 {[%mdl 4096]} 37. Rd1 $6
(37. Rfd3 $142 Rxa5 38. Rxd5 $16) 37... Rh5 $2 (37... Rxa5 38. Rc1 b4 39. Rf6+
Kc7 {, and Black should not lose.}) 38. Rf6+ Kxc5 39. f4 Rf5 (39... Rxa5 40.
Rxf7 {, and White's pawn avalanche is stronger than Black's isolated pawns.})
40. Rd6 g5 41. Kf3 gxf4 42. R6xd5+ Kc4 43. Kg4 {Black suddenly loses his rook!}
1-0

[Event "Rilton Cup 25th"]
[Site "Stockholm"]
[Date "1995.??.??"]
[Round "?"]
[White "Krasenkow, Michal"]
[Black "Barkhagen, Jonas"]
[Result "1-0"]
[WhiteElo "2590"]
[BlackElo "2405"]
[Annotator "Krasenkow,M"]
[PlyCount "57"]
[EventDate "1995.12.??"]
[EventType "swiss"]
[EventRounds "9"]
[EventCountry "SWE"]
[SourceTitle "CBM 051"]
[Source "ChessBase"]
[SourceDate "1996.04.01"]
[SourceVersion "1"]
[SourceVersionDate "1996.04.01"]
[SourceQuality "1"]

1. Nf3 d5 2. d4 Nf6 3. c4 e6 4. g3 dxc4 5. Bg2 Nc6 6. Qa4 Bb4+ 7. Bd2 Nd5 8.
Bxb4 Ndxb4 9. Ne5 Qxd4 $6 $146 (9... Bd7) (9... O-O) 10. Nxc6 Nxc6 11. Bxc6+
bxc6 12. Qxc6+ Ke7 13. Qxa8 Qxb2 14. O-O Qxa1 15. Qxa7 $14 {xKe7} Qb2 $2 (15...
Qe5 16. Qa3+ (16. Na3 Qd5 17. Qxc7+ (17. e4 Qc6 $13) 17... Bd7 18. Qxc4 Qxc4
19. Nxc4 Bb5 20. Ne5 Bxe2 21. Re1 Ba6 22. Rd1 Bb5 23. Rb1 Ba6 $10) (16. Nd2 Qd5
$1 17. Qxc7+ (17. Qa3+ c5) 17... Bd7 18. Qf4 Rc8 $13) 16... c5 17. Nc3 Rd8 18.
Rb1 $14) 16. Qxc7+ Kf6 (16... Bd7 $5 17. Qc5+ Kf6 18. Qxc4 Rc8) 17. Qxc4 Bb7
18. Qf4+ (18. Nc3 Rc8) 18... Kg6 19. Nd2 $1 Qf6 (19... Qxa2 $1 20. Nc4 h6 (
20... f6 21. Qg4+ Kh6 22. Nd6 $18) (20... f5 21. Qc7 Qa8 22. Qe7 $18) 21. Nd6
Bd5 (21... Ba6 22. Qxf7+ Kh7 23. Ne8 Qb2 24. Qxe6 Bxe2 25. Qe4+ Kg8 26. Rb1 $18
) 22. e4 Bb3 23. Qxf7+ Kh7 $16 24. Ne8 (24. Rc1 Rd8 25. Ne8 (25. Qe7 Qb2 26.
Rc7 Rxd6 27. Qxd6 Qb1+ 28. Kg2 Qxe4+ 29. Kh3 Bd5) 25... Qb2 26. Rc7 Rxe8 27.
Qxe8 Qb1+ 28. Kg2 Qxe4+ $10) 24... Qb2 25. Re1 Ba4 26. Nc7 Qb7) 20. Qc7 Qd4 $2
(20... Qd8) 21. Nc4 f6 22. Nd6 Bd5 23. e4 $1 Bxa2 24. Qf7+ Kh6 25. g4 g6 (25...
Qc5 26. Nf5+) (25... g5 26. Kg2 $1 {/\Rf1-d1-d3,Rf1-e2-e3+-}) 26. Qe7 Ra8 27.
Nf7+ Kg7 28. Nd8+ Kh6 29. Qf8+ (29. Qf8+ Kg5 30. Nf7+) 1-0

[Event "EU-ch 12th"]
[Site "Aix les Bains"]
[Date "2011.03.24"]
[Round "3"]
[White "Melkumyan, Hrant"]
[Black "Grachev, Boris V"]
[Result "1/2-1/2"]
[WhiteElo "2593"]
[BlackElo "2675"]
[Annotator "Kuzmin,Alexey"]
[PlyCount "112"]
[EventDate "2011.03.22"]
[EventType "swiss"]
[EventRounds "11"]
[EventCountry "FRA"]
[SourceTitle "CBM 142 Extra"]
[Source "ChessBase"]
[SourceDate "2011.06.27"]
[SourceVersion "1"]
[SourceVersionDate "2011.06.27"]
[SourceQuality "1"]

1. d4 d5 2. c4 e6 3. Nf3 Nf6 4. g3 dxc4 5. Bg2 Bb4+ 6. Bd2 c5 {In this game we
analyse a white plan with dxc5. Usually White begins by castling.} 7. O-O ({
White can also play} 7. dxc5 Bxc5 {but in the event of} 8. Qa4+ {, besides}
Nbd7 {White has to take into consideration 8...Bd7.}) 7... O-O (7... Nc6 8.
dxc5 Bxc5 9. Qa4 O-O 10. Qxc4 {- 7...0-0 8.dxc5 Bxc5 9.Qc2 Nc6}) 8. dxc5 ({
I have found the only one game with the move} 8. Qc2 $5 {is another plan.} Bxd2
9. Nbxd2 {leads to a fresh position.} (9. Qxd2 $6 {Stokke,K (2347)-Robson,R 
(2491)/Tromsoe 2009} cxd4 $11) 9... cxd4 10. Nxc4 Nc6 (10... d3 $5) 11. Rfd1
$13) 8... Bxc5 9. Qc2 ({Another way is} 9. Ne5 Qc7 10. Nxc4 {but Black has to
solve a lot of problems.} Nc6 (10... e5 {is possible too.} 11. Nc3 (11. Bg5 Ng4
$1 $36) 11... Be6 $13) (10... Bxf2+ {looks risky:} 11. Rxf2 Qxc4 12. Na3 Qa6
13. Rxf6 $1 gxf6 14. Bh6 $44 {1/2 Filip,L (2469)-Mishuchkov,N (2415)/Sunny
Beach BUL 2011/The Week in Chess 878 (47)}) 11. Nc3 Rd8 $11) 9... Nbd7 {
I like this flexible plan!} ({But} 9... Nc6 {is possible too.} 10. Qxc4 Be7 $1
(10... Qd5 $5) 11. Rd1 (11. Nc3 e5 $11) 11... e5 {Both sides' chances are
approximately equal.} 12. Nc3 (12. Qc2 Be6 13. Nc3 $11) 12... Be6 13. Qa4 Qb6
14. Ng5 $2 (14. Qb5 $11) 14... Ng4 $1 $17 {Aronian,L (2783)-Adams,M (2728)/
Plovdiv 2010}) 10. Nc3 ({The main idea of the move 9...Nbd7 is} 10. Qxc4 b5 $1
{and the black chances are at least not worse.} 11. Qxb5 (11. Qb3 Bb7 (11...
Qb6 $11) 12. Qxb5 Rb8 $44 {Bykov,A (2278)-Gozzoli,Y (2532)/Vienna AUT 2011}) (
11. Qh4 Bb7 12. Nc3 Be7 $13 {Mikhalevski,V (2577)-Rotstein,A (2547)/
Longeville-les-Metz FRA 2011}) 11... Rb8 12. Qd3 (12. Qc4 Bb7 $5 (12... Rxb2
$11 {Cheng,B (2385)-Mikhalevski,V (2569)/Toronto CAN 2011}) 13. b4 $5 (13. Qc1
Qb6 14. Nc3 Rfc8 15. Qe1 Qxb2 $11 {Hammer,J (2633)-Gharamian,T (2658)/Cap
d'Agde 2010}) (13. Nc3 Bxf3 14. exf3 Rxb2 15. Rad1 (15. Rfd1 $5) 15... Qc8 $15
{Cori Tello,D (2409)-Cramling,P (2536)/Villafranca 2010}) 13... Bd5 14. Qa6 {
Carstensen,J (2391)-Gonzalez Garcia,J (2522)/Barcelona ESP 2011} Bxb4 15. Bxb4
Rxb4 16. Qxa7 Ne4 $44) 12... Qb6 (12... Rxb2 $11) 13. b4 Bxb4 14. Bxb4 Qxb4 15.
Nc3 $11 {Vorobiov,E (2558)-Grachev,B (2675)/Olginka RUS 2011}) ({An attempt to
take the pawn with the knight doesn't work:} 10. Na3 Bxa3 $1 11. bxa3 Nb6 12.
Bb4 Re8 $15 {and White has also to prove that he has sufficient compensation.})
10... a6 ({The idea with sacrificing an exchange after 11.Bf4 b5?! doesn't
promise complete compensation} 10... Qe7 $5 {was more accurate.} 11. Rfd1 (11.
Na4 b5 12. Nxc5 Nxc5 $15) 11... Rb8 12. Na4 Bd6 13. Nd4 $132) 11. Bf4 Qe7 (
11... b5 $6 12. Ne5 Nxe5 13. Bxa8 $14) 12. Nd2 Nb6 ({The right way was} 12...
e5 $1 13. Bg5 h6 {and the penetration} 14. Nd5 {even with tempo doesn't
promise an advantage for White.} Qd8 15. Bxf6 Nxf6 16. Qxc4 Bd4 $13) 13. Bg5 h6
14. Bxf6 Qxf6 15. Nce4 Qe7 16. Nxc4 $14 {White has returned the pawn and kept
some pressure.} Bd7 17. Nxb6 Bxb6 18. Qb3 Ba5 19. Rfc1 Bc6 20. Nc5 Bxg2 21.
Kxg2 Rac8 22. Nd3 b5 23. Rxc8 Rxc8 24. a4 Qb7+ 25. f3 Bd8 26. axb5 axb5 27. Rc1
Rxc1 28. Nxc1 Bf6 29. Nd3 Qc6 30. Qb4 g6 31. Kf2 h5 32. Qe4 Qc4 33. b4 Bc3 34.
Ke3 Kg7 35. Qxc4 bxc4 36. Nc1 Bxb4 37. Kd4 Bd2 38. Na2 h4 39. gxh4 Kh6 40. Kxc4
Kh5 41. Nb4 Bf4 42. Nc6 Bc7 43. Kd4 Bxh2 44. Nd8 e5+ 45. Kd5 f5 46. Nf7 Kxh4
47. Nxe5 g5 48. Nd3 g4 49. fxg4 fxg4 50. Ke4 Bg3 51. Kf5 Bc7 52. e4 g3 53. e5
g2 54. Ne1 Bxe5 55. Nxg2+ Kg3 56. Kxe5 Kxg2 1/2-1/2